[Event "Hoogeveen op 21st"]
[Site "Hoogeveen"]
[Date "2017.10.28"]
[Round "9"]
[White "Van Dael, Siem"]
[Black "Taams, Sander"]
[Result "1-0"]
[WhiteElo "2286"]
[BlackElo "1954"]
[PlyCount "47"]
[EventDate "2017.10.21"]
[EventType "swiss"]
[EventRounds "9"]
[EventCountry "NED"]
[SourceTitle "CBM 181 Extra"]
[Source "ChessBase"]
[SourceDate "2017.12.12"]
[SourceVersion "1"]
[SourceVersionDate "2017.12.12"]
[SourceQuality "1"]

1. e4 c5 2. Nf3 d6 3. d4 cxd4 4. Nxd4 Nf6 5. Nc3 a6 6. Be3 e6 7. f3 b5 8. Qd2 Nbd7 9. 0-0-0 b4 10. Na4 Qa5 11. b3 Bb7 12. Kb1 Qc7 13. g4 h6 14. h4 d5 15. Bh3 e5 16. g5 exd4 17. Qxd4 Rd8 18. gxf6 Nxf6 19. e5 Nd7 20. Rhe1 Nxe5 21. Bf4 f6 22. Bxe5 fxe5 23. Rxe5+ Be7 24. Rde1 1-0

[Event "Hoogeveen op 21st"]
[Site "Hoogeveen"]
[Date "2017.10.23"]
[Round "3"]
[White "O'Gorman, Tom"]
[Black "Taams, Sander"]
[Result "1-0"]
[WhiteElo "2240"]
[BlackElo "1954"]
[PlyCount "103"]
[EventDate "2017.10.21"]
[EventType "swiss"]
[EventRounds "9"]
[EventCountry "NED"]
[SourceTitle "CBM 181 Extra"]
[Source "ChessBase"]
[SourceDate "2017.12.12"]
[SourceVersion "1"]
[SourceVersionDate "2017.12.12"]
[SourceQuality "1"]

1. e4 c5 2. Nf3 d6 3. d4 cxd4 4. Nxd4 Nf6 5. Nc3 a6 6. Bg5 Nbd7 7. Qe2 h6 8. Bh4 g6 9. f4 e5 10. fxe5 dxe5 11. 0-0-0 Qc7 12. Nb3 Bg7 13. Nd5 Nxd5 14. exd5 Qd6 15. Nd2 Qxd5 16. Nc4 Qe6 17. Nd6+ Kf8 18. Qd2 Qxa2 19. Qb4 a5 20. Qc4 Qxc4 21. Bxc4 g5 22. Bf2 Bf6 23. Bb5 Kg7 24. Nxc8 Rhxc8 25. Rxd7 a4 26. Kd2 a3 27. bxa3 Rxa3 28. Bd3 e4 29. Bxe4 Re8 30. Rd4 Bxd4 31. Bxd4+ f6 32. Bxb7 Kg6 33. Rb1 Rd8 34. c3 f5 35. Rb6+ Kh5 36. Kc2 Ra2+ 37. Kb3 Ra1 38. Kc4 Ra4+ 39. Kb5 Raxd4 40. cxd4 Rxd4 41. Rf6 Rf4 42. Kc5 g4 43. Kd6 Kg5 44. Rf8 Rf2 45. Ke6 Re2+ 46. Kf7 f4 47. Rg8+ Kh4 48. Rxg4+ Kh5 49. Rxf4 Kg5 50. Ra4 Re5 51. h4+ Kf5 52. g4# 1-0

[Event "Hoogeveen Unive op 20th"]
[Site "Hoogeveen"]
[Date "2016.10.19"]
[Round "5"]
[White "Beerdsen, Thomas"]
[Black "Taams, Sander"]
[Result "1-0"]
[WhiteElo "2404"]
[BlackElo "1857"]
[PlyCount "101"]
[EventDate "2016.10.15"]
[EventType "swiss"]
[EventRounds "9"]
[EventCountry "NED"]
[SourceTitle "EXT 2017"]
[Source "ChessBase"]
[SourceDate "2016.10.25"]
[SourceVersion "1"]
[SourceVersionDate "2016.10.25"]
[SourceQuality "1"]

1. e4 c5 2. Nf3 d6 3. d4 cxd4 4. Nxd4 Nf6 5. Nc3 a6 6. Be3 e6 7. Be2 Be7 8. f4 Nc6 9. 0-0 0-0 10. Qe1 e5 11. Nxc6 bxc6 12. fxe5 dxe5 13. Qg3 Qc7 14. Bc4 Ng4 15. Kh1 Nxe3 16. Qxe3 Bg4 17. h3 Bh5 18. Ne2 Bg6 19. Ng3 Qa7 20. Qe2 a5 21. Qg4 Rad8 22. h4 Qd7 23. Qxd7 Rxd7 24. h5 Bh4 25. hxg6 Bxg3 26. gxf7+ Kh8 27. Rad1 Rxd1 28. Rxd1 g6 29. Rd6 Kg7 30. Rxc6 Rd8 31. Bd5 g5 32. Rc3 Be1 33. Rf3 Bb4 34. Rf5 Kg6 35. Rxe5 Rf8 36. g4 h5 37. c3 Bc5 38. Re6+ Kh7 39. Rc6 Be7 40. gxh5 a4 41. e5 a3 42. bxa3 Bxa3 43. Rg6 Rd8 44. c4 g4 45. Kg2 g3 46. Kxg3 Be7 47. Rg8 Bf8 48. Rxf8 Rxf8 49. e6 Kh8 50. e7 Kh7 51. exf8B 1-0

[Event "Hoogeveen Unive op 20th"]
[Site "Hoogeveen"]
[Date "2016.10.17"]
[Round "3"]
[White "Hulshof, Peter"]
[Black "Taams, Sander"]
[Result "0-1"]
[WhiteElo "2223"]
[BlackElo "1857"]
[PlyCount "150"]
[EventDate "2016.10.15"]
[EventType "swiss"]
[EventRounds "9"]
[EventCountry "NED"]
[SourceTitle "EXT 2017"]
[Source "ChessBase"]
[SourceDate "2016.10.25"]
[SourceVersion "1"]
[SourceVersionDate "2016.10.25"]
[SourceQuality "1"]

1. e4 c5 2. Nc3 Nc6 3. g3 g6 4. Bg2 Bg7 5. d3 d6 6. f4 e6 7. Nf3 Nge7 8. 0-0 0-0 9. Be3 Nd4 10. e5 Nec6 11. Ne4 dxe5 12. Nxe5 Nxe5 13. fxe5 Bxe5 14. c3 Nf5 15. Bxc5 Re8 16. Qf3 Qc7 17. d4 Bg7 18. g4 Nh6 19. Bd6 Qd8 20. g5 Nf5 21. Be5 Bxe5 22. dxe5 Kg7 23. Nf6 Rh8 24. Rad1 Qb6+ 25. Rf2 h5 26. Bh3 Rd8 27. Rxd8 Qxd8 28. Bxf5 exf5 29. Qe3 Qd1+ 30. Rf1 Qc2 31. e6 Bxe6 32. Qe5 Rd8 33. Nxh5+ Kf8 34. Qg7+ Ke8 35. Qh8+ Kd7 36. Qd4+ Kc8 37. Qc5+ Kb8 38. Nf4 Qe4 39. Nxe6 fxe6 40. Qf2 e5 41. Re1 Qg4+ 42. Qg3 Qxg3+ 43. hxg3 e4 44. Kf2 Kc7 45. Rh1 Rd2+ 46. Ke3 Rd3+ 47. Kf2 Rd2+ 48. Ke3 Rg2 49. Kf4 Kd6 50. Rh6 Rf2+ 51. Ke3 Rf3+ 52. Ke2 Rxg3 53. Rxg6+ Ke5 54. Rg8 Rg2+ 55. Kf1 Rxb2 56. g6 Kf6 57. g7 Rxa2 58. Rf8+ Kxg7 59. Rxf5 Ra3 60. Rc5 Kf6 61. Ke2 b6 62. Rc4 Ke5 63. Ke3 Kd5 64. Rc8 b5 65. Rd8+ Kc4 66. Rc8+ Kb3 67. Kxe4 Ra4+ 68. Kd3 Rc4 69. Rb8 Rxc3+ 70. Kd2 b4 71. Rb5 a6 72. Ra5 Rc6 73. Kd3 Rd6+ 74. Ke4 Kc4 75. Ke5 Rb6 0-1